Housing update (Record no. 38752)
[ view plain ]
| 000 -LEADER | |
|---|---|
| fixed length control field | 01407cab a2200277 4500 |
| 001 - CONTROL NUMBER | |
| control field | ABS52125 |
| 008 - FIXED-LENGTH DATA ELEMENTS--GENERAL INFORMATION | |
| fixed length control field | 090401t1995 xxu||||| |||| 00| 0 eng d |
| 035 ## - SYSTEM CONTROL NUMBER | |
| System control number | (Sirsi) u62349 |
| 041 ## - LANGUAGE CODE | |
| Language code of text/sound track or separate title | eng |
| 100 ## - MAIN ENTRY--PERSONAL NAME | |
| Personal name | Manning, J. |
| 245 ## - TITLE STATEMENT | |
| Title | Housing update |
| 260 ## - PUBLICATION, DISTRIBUTION, ETC. | |
| Date of publication, distribution, etc. | 1995 |
| 350 ## - PRICE (NR) (BK AM CF MU VM SE) [OBSOLETE] | |
| Price | 0 |
| 490 ## - SERIES STATEMENT | |
| Series statement | Guardian Gazette |
| Volume/sequential designation | 92(3) 18 January 1995, 35-36(2) |
| 520 ## - SUMMARY, ETC. | |
| Summary, etc. | Review of recent developments in housing law looking in particular at "R v Tower Hamlets LBC ex parte Khalique" (WB3040-39) which considered the decision making process within local authorities, "R v Brent LBC ex parte Awua" (WB3016-38) and "R v Brent LBC ex parte MacWan" (WB2920-24) which offered guidance as to accommodation which may be capable of being settled, "R v Northavon DC ex parte Palmer" (WB3008-54) which considered the inter-relationship between public and private law duties, "R v Highbury Corner Magistrates Court ex parte Edwards" which considered statutory nuisance and "Habinteg Housing Association v James" (WB3042-48) which dealt with priavte nuisance. |
| 650 ## - SUBJECT ADDED ENTRY--TOPICAL TERM | |
| Topical term or geographic name entry element | ASSURED SHORTHOLD TENANCIES |
| 650 ## - SUBJECT ADDED ENTRY--TOPICAL TERM | |
| Topical term or geographic name entry element | HOUSING ACT 1988 |
| 650 ## - SUBJECT ADDED ENTRY--TOPICAL TERM | |
| Topical term or geographic name entry element | PRIVATE NUISANCE |
| 650 ## - SUBJECT ADDED ENTRY--TOPICAL TERM | |
| Topical term or geographic name entry element | R V ROCHESTER UPON MEDWAY CITY COUNCIL EX P WILLIAMS |
| 650 ## - SUBJECT ADDED ENTRY--TOPICAL TERM | |
| Topical term or geographic name entry element | R V TOWER HAMLETS LBC EX P KHATUN |
| 650 ## - SUBJECT ADDED ENTRY--TOPICAL TERM | |
| Topical term or geographic name entry element | SETTLED ACCOMMODATION |
| 650 ## - SUBJECT ADDED ENTRY--TOPICAL TERM | |
| Topical term or geographic name entry element | STATUTORY NUISANCE |
| 690 ## - LOCAL SUBJECT ADDED ENTRY--TOPICAL TERM (OCLC, RLIN) | |
| Topical term or geographic name as entry element | HOUSING |
| 942 ## - ADDED ENTRY ELEMENTS (KOHA) | |
| Suppress in OPAC | 0 |
| 948 ## - LOCAL PROCESSING INFORMATION (OCLC); SERIES PART DESIGNATOR (RLIN) | |
| c (OCLC) | 04/03/1997 |
| Withdrawn status | Lost status | Source of classification or shelving scheme | Damaged status | Not for loan | Home library | Current library | Shelving location | Date acquired | Total Checkouts | Full call number | Barcode | Date last seen | Copy number | Price effective from | Koha item type |
|---|---|---|---|---|---|---|---|---|---|---|---|---|---|---|---|
| Dewey Decimal Classification | London | London | Journal article | 14/09/1999 | ABS52125 | 62349-1001 | 06/08/2019 | 1 | 06/08/2019 | Journal article |